| 000 | 00000nas##2200000za#4500 |
| 001 | 9.506092 |
| 003 | CaOODSP |
| 005 | 20200325090845 |
| 007 | cr ||||||||||| |
| 008 | 150406c2000||||xxc|| p o||||f| |0eng|d |
| 022 | |a1494-5150 |
| 040 | |aCaOODSP|beng |
| 043 | |an-cn--- |
| 086 | 1 |aA1-18E-PDF |
| 110 | 1 |aCanada.|bAgriculture and Agri-Food Canada. |bRural Secretariat. |
| 245 | 10|aRural Secretariat, Agriculture and Agri-Food Canada - annual report to Parliament |h[electronic resource] |
| 260 | |aOttawa - Ontario : |bAgriculture and Agri-Food Canada. |
| 310 | |aAnnual |
| 362 | 1 |a2000--[2004] |
| 690 | 07|aRural development|2gcpds |
| 775 | 08|tSecrétariat rural, Agriculture et agroalimentaire Canada, rapport annuel au Parlement.|w(CaOODSP)9.502495 |